Normal view
MARC view
Entry Personal Name
001 - CONTROL NUMBER
- control field: 5995
003 - CONTROL NUMBER IDENTIFIER
- control field: HDC
005 - DATE AND TIME OF LATEST TRANSACTION
- control field: 20230624073224.0
008 - FIXED-LENGTH DATA ELEMENTS
- fixed length control field: 210121|| aca||aabn | a|a d
040 ## - CATALOGING SOURCE
- Original cataloging agency: HDC
- Transcribing agency: HDC
100 ## - HEADING--PERSONAL NAME
- Personal name: Datuk Che Azizuddin Che Ismail
670 ## - SOURCE DATA FOUND
- Source citation: Work cat.: (HDC): Datuk Che Azizuddin Che Ismail, 5th World Halal Research Summit 2012 Kuala Lumpur Convention Centre, 4th April 2012 :, 2012
